000 00593nam a2200217 a 4500
999 _c3830
_d3830
001 3830
003 BD-JhCC
005 20171118203000.0
008 171118s2006 b ||||| |||| 00| 0 ben d
020 _a9848683755
035 _a(BD-JhCC)
040 _aBD-JhCC
_dBD-JhCC
041 _aben
082 _a891.443
_bVAT 2006
100 _aভট্ট, প্রণব
245 _aনির্জনে /
_cপ্রণব ভট্ট
260 _aঢাকা :
_bঅন্যপ্রকাশ,
_c২০০৬
300 _a127 p. :
_c22cm.
650 _aBengali Novel
942 _2ddc
_cBK